Save The U.S. State Capitals - Statistics

General Stats
  • This quiz has been taken 207 times
  • The average score is 196 of 432
Answer Stats
Population (in ten thousands) State Capital % Correct
19 Sacramento
81%
18 Austin
72%
40 Phoenix
72%
50 Atlanta
63%
44 Boston
60%
6 Albany
59%
3 Tallahassee
55%
27 Denver
52%
3 Salem
43%
16 Columbus
42%
2 Olympia
42%
12 Nashville
36%
11 Raleigh
36%
17 Indianapolis
34%
2 Springfield
34%
1 Carson City
31%
9 Honolulu
31%
11 Richmond
31%
5 Madison
30%
29 Saint Paul-Minneapolis
30%
1 Annapolis
29%
5 Harrisburg
29%
10 Oklahoma City
29%
1 Juneau
27%
3 Lansing
27%
4 Boise
26%
12 Salt Lake City
26%
6 Baton Rouge
25%
3 Jackson
24%
6 Columbia
23%
1 Helena
22%
3 Montgomery
21%
1 Santa Fe
21%
3 Lincoln
19%
1 Augusta
18%
1 Topeka
18%
10 Hartford
17%
1 Bismarck
16%
1 Montpellier
15%
1 Pierre
15%
4 Trenton
15%
1 Dover
14%
1 Jefferson City
14%
1 Cheyenne
13%
1 Concord
13%
1 Charleston
12%
5 Des Moines
12%
1 Frankfort
12%
13 Providence
11%
5 Little Rock
9%
No matching quizzes found
Score Distribution
Percent of People with Each Score
Percentile by Number Answered
Your Score History
You have not taken this quiz